00601nam a22001451i 45000010005000000900009000051000041000142000211000552100029002662150024002952250025003197000033003449900011003779950067003881815 a1815 a20170304u u u0frey50 ba1 fGilberto FreyreaBrasis, Brasil, e Brasíliaesugestões em torno de problemas brasileiros de unidade e diversidade e das relações de alguns deles com problemas gerais depluralismo étnico e cultural cLivros do BrasilaLisboa a238, [10] p.d22 cm2 aLivros do Brasilv44 1aFreyrebGilbertof1900 -1987 cLIVROS 001092219bBMVAdBMVAeDEPf0001992kFREo0rLIVROSucx. 85s